[Event "Groningen op"]
[Site "Groningen"]
[Date "1988.??.??"]
[Round "?"]
[White "Kraut, Rainer"]
[Black "Visser, Yge"]
[Result "1/2-1/2"]
[WhiteElo "2410"]
[BlackElo "2295"]

1.e4 e6 2.d4 d5 3.Nc3 Nf6 4.e5 Nfd7 5.f4 c5 6.Nf3 Nc6 7.Be3 a6 8.Qd2 b5 9.dxc5 Bxc5
10.Bxc5 Nxc5 11.Bd3 b4 12.Ne2 Qb6 13.Qe3 Nxd3+ 14.Qxd3 Bd7 15.O-O-O Na5 16.f5 Rc8
17.fxe6 Bxe6 18.Ned4 Bg4 19.e6 fxe6 20.h3 Bh5 21.Nxe6 Bg6 22.Nxg7+ Kf8 23.Nf5 b3
24.axb3 Qxb3 25.N3d4 Qa4 26.Qa3+ Qxa3 27.bxa3 Nb3+ 28.Kb2 Nxd4 29.Nxd4 Be4
30.Rhf1+ Ke7 31.g4 Rc4 32.Rfe1 Rb8+ 33.Ka2 Kf7 34.Rd2 Rc3 35.h4 Rh3 36.h5 Rc8
37.Kb2 Rcc3 38.Nb3 Bxc2 39.Rxc2 Rxb3+ 40.Kc1 Rxa3 41.Rc7+ Kf6 42.Rf1+ Ke5
43.Rf2 Rag3 44.Re7+ Kd6 45.Rxh7 Rxg4 46.Rh6+ Ke5 47.Re2+ Re4 48.Rxe4+ Kxe4
49.Rxa6 d4 50.h6 Ke3 51.Re6+ Kd3 52.Rd6 Rh1+ 53.Kb2 Ke3 54.Kc2 Rh2+ 55.Kd1 Kd3
56.Kc1 Rc2+ 57.Kd1 Rd2+ 58.Kc1 Rc2+ 59.Kd1 Ra2 60.Kc1 Ra1+ 61.Kb2 Rh1 62.Rd7 Rxh6
63.Kc1 Rc6+ 64.Kd1 Kc3 65.Kc1 Rc8 66.Rd6 Rh8 67.Rc6+ Kd3 68.Rd6 Rh1+ 69.Kb2 Rd1
70.Rh6 Re1 71.Rd6  1/2-1/2

[Event "Luxembourg op"]
[Site "Luxembourg"]
[Date "1988.??.??"]
[Round "8"]
[White "Hickl, Joerg"]
[Black "Franke, Heribert"]
[Result "1-0"]
[WhiteElo "2485"]
[BlackElo "2395"]

1.e4 e6 2.d4 d5 3.Nc3 Nf6 4.e5 Nfd7 5.f4 c5 6.Nf3 Nc6 7.Be3 cxd4 8.Nxd4 Bc5
9.Qd2 O-O 10.O-O-O a6 11.h4 Bxd4 12.Bxd4 b5 13.h5 b4 14.Ne2 a5 15.g4 a4 16.Kb1 b3
17.cxb3 axb3 18.a3 Ba6 19.h6 g6 20.Rh3 Qb8 21.Rc3 Bc4 22.Nc1 Na5 23.Qf2 Qb5
24.Bxc4 dxc4 25.Be3 Rac8 26.Ne2 Nb7 27.Qh4 f6 28.Ng3 Nbc5 29.Bxc5 Nxc5 30.exf6 Na4
31.f7+ Rxf7 32.Rd8+ Rxd8 33.Qxd8+ Rf8 34.Qc7 Nxc3+ 35.bxc3 Rf7 36.Qc8+ Rf8
37.Qxe6+ Rf7 38.Ne4 Qb8 39.Nd6  1-0

[Event "Munich"]
[Site "Munich"]
[Date "1988.??.??"]
[Round "?"]
[White "Hickl, Joerg"]
[Black "Bischoff, Klaus"]
[Result "0-1"]
[WhiteElo "2485"]
[BlackElo "2465"]

1.e4 e6 2.d4 d5 3.Nc3 Nf6 4.e5 Nfd7 5.f4 c5 6.Nf3 Nc6 7.Be3 cxd4 8.Nxd4 Bc5
9.Qd2 O-O 10.O-O-O a6 11.h4 Bxd4 12.Bxd4 b5 13.h5 Qa5 14.Kb1 b4 15.Ne2 Nc5
16.Qe3 Ne4 17.h6 g6 18.g4 Nxd4 19.Nxd4 Qb6 20.Rh3 a5 21.Bg2 Nc5 22.f5 Bd7
23.Rf3 a4 24.Rdf1 b3 25.axb3 axb3 26.Nxb3 Nxb3 27.cxb3 Qa6 28.Qd4 Rfc8  0-1

[Event "SWE-ch"]
[Site "Norrkoeping"]
[Date "1988.??.??"]
[Round "?"]
[White "Kyhle, Bo"]
[Black "Ingbrandt, Johan"]
[Result "1/2-1/2"]
[WhiteElo "2305"]
[BlackElo "2335"]

1.e4 e6 2.d4 d5 3.Nc3 Nf6 4.e5 Nfd7 5.f4 c5 6.Nf3 Nc6 7.Be3 cxd4 8.Nxd4 Bc5
9.Qd2 O-O 10.Be2 a6 11.O-O Nxd4 12.Bxd4 b5 13.Bxc5 Nxc5 14.Qd4 Qb6 15.a4 bxa4
16.Nxa4 Nxa4 17.Rxa4 Qxd4+ 18.Rxd4 Bd7 19.Rb4 Rab8 20.Rxb8 Rxb8 21.b3 Rc8
22.Rc1 a5 23.Bd3 g6 24.Ra1 Rc5 25.Kf2 d4 26.Ke1 h6 27.Kf2 Bc6 28.g3 g5 29.h4 Kg7
30.hxg5 hxg5 31.Re1 f6 32.Bc4 fxe5 33.Rxe5 Rxe5 34.fxe5 Be4  1/2-1/2

[Event "Novi Sad op"]
[Site "Novi Sad"]
[Date "1988.??.??"]
[Round "10"]
[White "Markovic, Igor"]
[Black "Machulsky, Anatoly D"]
[Result "1/2-1/2"]
[WhiteElo "2290"]
[BlackElo "2415"]

1.e4 e6 2.d4 d5 3.Nc3 Nf6 4.e5 Nfd7 5.f4 c5 6.Nf3 Nc6 7.Be3 cxd4 8.Nxd4 Qb6
9.Qd2 Qxb2 10.Rb1 Qa3 11.Bb5 Nxd4 12.Bxd4 Bb4 13.O-O O-O 14.f5 exf5 15.Rf3 Bc5
16.Bxd7 Bxd7 17.Nxd5 Qxa2 18.Bxc5 Qxb1+ 19.Kf2 Bb5 20.Ne7+ Kh8 21.Nxf5 Rad8
22.Nd6 Bc4 23.Kg3 Be6 24.Rxf7 Kg8 25.Re7 Rd7 26.Rxd7 Bxd7 27.Ne4 Qb5 28.Qd5+ Kh8
29.Nc3 Qf1 30.Bxf8 Bc6 31.Bxg7+ Kxg7 32.Qd2 Qc4 33.Qg5+  1/2-1/2

[Event "Salamanca"]
[Site "Salamanca"]
[Date "1988.??.??"]
[Round "8"]
[White "Sznapik, Aleksander"]
[Black "Rivas Pastor, Manuel"]
[Result "1/2-1/2"]
[WhiteElo "2480"]
[BlackElo "2505"]

1.e4 e6 2.d4 d5 3.Nc3 Nf6 4.e5 Nfd7 5.f4 c5 6.Nf3 Nc6 7.Be3 a6 8.Qd2 b5 9.Be2 Qb6
10.O-O cxd4 11.Nxd4 Bc5 12.Rad1 O-O 13.Bf3 Nxd4 14.Bxd4 a5 15.Ne2 b4 16.Bxc5 Nxc5
17.Nd4 f5 18.exf6 Rxf6 19.Qe3 Bb7 20.Rfe1 Ne4 21.g3 Rc8 22.Bg2 a4 23.g4 a3
24.bxa3 bxa3 25.Rb1 Qa7 26.Rb3 Rc4 27.g5 Rf7 28.Nxe6 Qxe3+ 29.Rbxe3 Bc8 30.Bxe4 dxe4
31.Rxe4 Rxc2 32.R4e2 Rb2 33.Nc5 Rxf4 34.Nd3 Rg4+ 35.Kf2 Rxe2+ 36.Rxe2 Ba6
37.Re8+ Kf7 38.Re3 Bxd3 39.Rxd3 Ra4 40.Kg3 Kg6 41.Rd5 Kh5 42.h3 Ra7 43.Rc5  1/2-1/2

[Event "Stara Pazova"]
[Site "Stara Pazova"]
[Date "1988.??.??"]
[Round "2"]
[White "Kosanovic, Goran A"]
[Black "Popovic, Petar"]
[Result "1-0"]
[WhiteElo "2395"]
[BlackElo "2530"]

1.e4 e6 2.d4 d5 3.Nc3 Nf6 4.e5 Nfd7 5.f4 c5 6.Nf3 Nc6 7.Be3 cxd4 8.Nxd4 Bc5
9.Qd2 O-O 10.O-O-O a6 11.Qf2 Bxd4 12.Bxd4 b5 13.Bd3 b4 14.Na4 Nxd4 15.Qxd4 a5
16.Kb1 Ba6 17.Rhe1 Qc7 18.f5 Rfc8 19.Rc1 Qd8 20.h4 Rc6 21.Rf1 Qc7 22.Rce1 Bxd3
23.cxd3 Rc2 24.f6 Rxg2 25.Rf2 Rxf2 26.Qxf2 Rc8 27.Qg2 g6 28.d4 h5 29.Qd2 Kh7
30.Rg1 Qc4 31.b3 Qb5 32.Kb2 Qa6 33.Qe3 Qb5 34.Qf3 Qc6 35.Qd3 Qc7 36.Qe2 Qa7
37.Qe3 Rc7 38.Rg5 Qa6 39.Rg1 Qb5 40.Qd2 Rc6 41.Qe3 Qa6 42.Qd2 Rc7 43.Qe3 Rc8
44.Qd2 Qa7 45.Rg5 Qc7 46.Kb1 Qc6 47.Nc5 Rg8 48.Qe2 Kh6 49.Qg2 Kh7 50.Qe2 Kh6
51.Nd3 Qb5 52.Qf3 Rc8 53.Qg3 Kh7 54.Rxh5+ Kg8 55.Rh6 Nf8 56.Qe3 Nh7 57.Qg3 Nf8
58.Kb2 Rc3 59.Qg5  1-0

[Event "Stara Pazova"]
[Site "Stara Pazova"]
[Date "1988.??.??"]
[Round "4"]
[White "Cabrilo, Goran"]
[Black "Doljanin, Tomislav"]
[Result "1-0"]
[WhiteElo "2510"]
[BlackElo "2255"]

1.e4 e6 2.d4 d5 3.Nc3 Nf6 4.e5 Ne4 5.Nce2 f6 6.exf6 Qxf6 7.Nf3 Bd6 8.Ng3 c5
9.Nxe4 dxe4 10.Ng5 cxd4 11.Nxe4 Qe5 12.Bd3 Nc6 13.f4 Qd5 14.Nxd6+ Qxd6 15.Qh5+ Kd8
16.O-O Bd7 17.f5 e5 18.f6 gxf6 19.Rxf6 Qd5 20.Bf4 Rg8 21.Bg3 Kc7 22.Qxh7 Rae8
23.Bf5 Kc8 24.Qxd7+ Qxd7 25.Re1 Rg7 26.Re4 Ree7 27.Bxd7+ Kxd7 28.Be1 Re6
29.Rf2 Kd6 30.h4 Kd5 31.Rfe2 b5 32.h5 d3 33.cxd3 Nd4 34.Rf2 Rg8 35.Bd2 Rg3
36.Re3 Rg4 37.Rh3 Re7 38.h6 Rh7 39.Be3 Rg6 40.Kh2 a5 41.Rh4 Ne6 42.Rf5  1-0

[Event "Stara Pazova"]
[Site "Stara Pazova"]
[Date "1988.??.??"]
[Round "4"]
[White "Abramovic, Bosko"]
[Black "Popovic, Petar"]
[Result "1-0"]
[WhiteElo "2445"]
[BlackElo "2530"]

1.e4 e6 2.d4 d5 3.Nc3 Nf6 4.e5 Nfd7 5.f4 c5 6.Nf3 Nc6 7.Be3 a6 8.Qd2 b5 9.dxc5 Bxc5
10.Bxc5 Nxc5 11.Nd4 Bd7 12.Qf2 Nxd4 13.Qxd4 Qb6 14.a3 O-O 15.Rc1 a5 16.b4 axb4
17.axb4 Na4 18.Qxb6 Nxb6 19.Nxb5 Ra2 20.Nd4 Rb2 21.b5 Rc8 22.h4 Na4 23.Rh3 Nc3
24.Ra1 Kf8 25.Kd2 Ne4+ 26.Ke3 Rc3+ 27.Bd3 Bxb5 28.Nxb5 Rxb5 29.Ra8+ Ke7 30.Ra7+ Kf8
31.Ra8+ Ke7 32.Rh1 Rb7 33.Rha1 f6 34.Rh8 fxe5 35.fxe5 Nc5 36.Rxh7 Kf7 37.Rh8 Nxd3
38.cxd3 Kg6 39.Re8 Rbb3 40.Rd1 Kf5 41.Kd4 Rc6 42.Rf1+ Kg6 43.Rh8 Rb4+ 44.Ke3 Rg4
45.h5+ Kg5 46.Rf7 g6 47.hxg6 Kxg6 48.Rhh7 Rc2 49.Rfg7+  1-0

[Event "Stara Pazova"]
[Site "Stara Pazova"]
[Date "1988.??.??"]
[Round "8"]
[White "Cabrilo, Goran"]
[Black "Popovic, Petar"]
[Result "0-1"]
[WhiteElo "2510"]
[BlackElo "2530"]

1.e4 e6 2.d4 d5 3.Nc3 Nf6 4.e5 Nfd7 5.f4 c5 6.Nf3 Nc6 7.Be3 cxd4 8.Nxd4 Bc5
9.Qd2 O-O 10.Be2 a6 11.O-O-O Bxd4 12.Bxd4 b5 13.h4 b4 14.Na4 a5 15.h5 Qc7
16.Bf2 Ba6 17.Kb1 Bxe2 18.Qxe2 Na7 19.Rh3 Qc6 20.b3 Nb5 21.Rg3 Rac8 22.Rd2 f6
23.h6 g6 24.Qd3 f5 25.Bd4 Rc7 26.Rf3 Rfc8 27.Rff2 Qb7 28.Rde2 Nxd4 29.Qxd4 Nc5
30.Nxc5 Rxc5 31.g4 fxg4 32.Rg2 Qc7 33.Qd1 a4 34.f5 axb3 35.axb3 Ra5 36.Qd4 Qc3
37.Qxc3 bxc3 38.Rxg4 exf5 39.Ra4 Rxa4 40.bxa4 Ra8  0-1

[Event "Stara Pazova"]
[Site "Stara Pazova"]
[Date "1988.??.??"]
[Round "12"]
[White "Cabrilo, Goran"]
[Black "Kovacevic, Vlatko"]
[Result "0-1"]
[WhiteElo "2510"]
[BlackElo "2515"]

1.e4 e6 2.d4 d5 3.Nc3 Nf6 4.e5 Nfd7 5.f4 c5 6.Nf3 Nc6 7.Be3 cxd4 8.Nxd4 Bc5
9.Qd2 O-O 10.O-O-O a6 11.Nb3 Bxe3 12.Qxe3 b5 13.Bd3 b4 14.Ne4 a5 15.Ng5 h6
16.h4 Qb6 17.Qxb6 Nxb6 18.Nf3 Ba6 19.Kb1 Nc8 20.Bxa6 Rxa6 21.f5 a4 22.Nbd4 Nxd4
23.Rxd4 Rb6 24.f6 Na7 25.Rg4 g6 26.Nd4 Rc8 27.b3 axb3 28.cxb3 Kf8 29.h5 g5
30.Rc1 Rxc1+ 31.Kxc1 Ke8 32.Kb2 Kd7 33.a4 bxa3+ 34.Kxa3 Nc6 35.Nf3 Ra6+ 36.Kb2 Ra8
37.b4 Kc7 38.Kb3 Kb6 39.b5 Kxb5 40.Nd4+ Nxd4+ 41.Rxd4 Kc5  0-1

[Event "Tatran Cup"]
[Site "Stary Smokovec"]
[Date "1988.??.??"]
[Round "1"]
[White "Gazik, Igor"]
[Black "Tibensky, Robert"]
[Result "1/2-1/2"]
[WhiteElo "2420"]
[BlackElo "2400"]

1.e4 e6 2.d4 d5 3.Nc3 Nf6 4.e5 Nfd7 5.f4 c5 6.Nf3 Nc6 7.Be3 Qb6 8.Na4 Qa5+
9.c3 c4 10.b4 Qc7 11.g3 b5 12.Nc5 Nxc5 13.dxc5 a5 14.a3 Be7 15.Nd4 Nxd4 16.Bxd4 h5
17.Be2 g6 18.h3 Bd7 19.Bf3 Bc6 20.Kf2 Kd7 21.g4 axb4 22.cxb4 h4 23.Qd2 Rhg8
24.Rhg1 Qd8 25.Kg2 Kc7 26.Kh2 Qd7 27.Qc2 Ra4 28.Bg2 Rga8 29.Qc1 Qc8 30.Rf1 Qd8
31.Rf3 Kb7 32.Qc2 f5 33.g5  1/2-1/2

[Event "Rilton Cup"]
[Site "Stockholm"]
[Date "1988.??.??"]
[Round "?"]
[White "Rivas Pastor, Manuel"]
[Black "Nordstrom, Felix"]
[Result "1-0"]
[WhiteElo "2505"]
[BlackElo "2290"]

1.e4 e6 2.d4 d5 3.Nc3 Nf6 4.e5 Nfd7 5.f4 c5 6.Nf3 Nc6 7.Be3 cxd4 8.Nxd4 Qb6
9.Qd2 Qxb2 10.Rb1 Qa3 11.Ndb5 Qa5 12.Nxd5 Qxd2+ 13.Kxd2 exd5 14.Nc7+ Kd8
15.Nxa8 b6 16.Nxb6 axb6 17.Bxb6+ Nxb6 18.Rxb6 Kc7 19.Rb3 Be6 20.Ba6 Nb4 21.Be2 d4
22.Rb2 Nxa2 23.Rhb1 Bd5 24.Bf3 Bxf3 25.gxf3 Nc3 26.Rb7+ Kc6 27.R1b6+ Kc5
28.Ra6 Nd5 29.Rxf7 Kb5 30.Raa7 Bc5 31.Rad7 Kc6 32.f5 Ra8 33.Rxg7 Ra1 34.f6 Bb4+
35.Kd3 Rd1+ 36.Ke4 Re1+ 37.Kf5 Ne3+ 38.Ke6  1-0

[Event "Thessaloniki ol (Women)"]
[Site "Thessaloniki"]
[Date "1988.??.??"]
[Round "?"]
[White "De Greef, Heleen"]
[Black "Berg, Tine"]
[Result "1-0"]
[WhiteElo "2240"]
[BlackElo "2240"]

1.e4 e6 2.d4 d5 3.Nc3 Nf6 4.e5 Nfd7 5.f4 c5 6.Nf3 Nc6 7.Be3 cxd4 8.Nxd4 Bc5
9.Be2 a6 10.Qd2 O-O 11.O-O Bxd4 12.Bxd4 b5 13.Bf3 Nxd4 14.Qxd4 Qc7 15.Rfe1 Bb7
16.Rad1 Rae8 17.Kh1 f5 18.Nxd5 Bxd5 19.Bxd5 Nc5 20.b4 Na4 21.Bb3 Nc3 22.Qd6 Qc8
23.Rd3 Ne4 24.Qb6 Rf7 25.Kg1 Kf8 26.Red1 Rfe7 27.Rd8 Qc3 28.Qd4 Qxd4+ 29.R1xd4 Kf7
30.Kf1 h6 31.Ke2 g5 32.g3 g4 33.Ke3 h5 34.c4 bxc4 35.Rxe8 Rxe8 36.Rxc4 Re7
37.Rc6 Re8 38.Rxa6 Nc3 39.a4 Nd5+ 40.Bxd5 exd5  1-0

[Event "Thessaloniki ol (Men)"]
[Site "Thessaloniki"]
[Date "1988.??.??"]
[Round "10"]
[White "Wang Zili"]
[Black "Borges Mateos, Juan"]
[Result "1-0"]
[WhiteElo "2310"]
[BlackElo "2535"]

1.e4 e6 2.d4 d5 3.Nc3 Nf6 4.e5 Nfd7 5.f4 c5 6.Nf3 Nc6 7.Be3 Qb6 8.Na4 Qa5+
9.c3 cxd4 10.b4 Nxb4 11.cxb4 Bxb4+ 12.Bd2 Bxd2+ 13.Nxd2 b6 14.Bd3 Nc5 15.Nxc5 bxc5
16.O-O Bd7 17.Rf2 Rc8 18.Rc1 g6 19.Bf1 O-O 20.Nf3 Rb8 21.Qd3 Rb4 22.Ng5 Kg7
23.Qg3 Qb6 24.Qh4 h6 25.Nf3 c4 26.Qe7 d3 27.Kh1 Ba4 28.f5 exf5 29.Rd2 Re8
30.Qh4 Bc2 31.Qe1 Rb2 32.Rf2 Rb8 33.a4 Rb1 34.Rxb1 Qxb1 35.Qe3 c3 36.e6 Qb6
37.Qe5+ f6 38.Qxc3 h5 39.Nd4 h4 40.Rd2 Qb1 41.Kg1 Qb6 42.Kh1 Bxa4 43.Qxd3 Qb1
44.Qxb1 Rxb1 45.Kg1 f4 46.Kf2 f5 47.Ba6 Kf6 48.Bc8 Ke7 49.Ne2 Rb4 50.Nc3 Bc6
51.Nxd5+ Bxd5 52.Rxd5 Rb2+ 53.Kf3 Rb3+ 54.Ke2 Rb2+ 55.Kd3 Rb8 56.Rc5 Kd6
57.Rc3 Rb2 58.Ra3 h3 59.gxh3 f3 60.Ra6+ Rb6 61.Rxa7 Rb8 62.Bd7 Rb3+ 63.Kd2 Rb2+
64.Ke3 Rb3+ 65.Kf2 g5 66.Ra5 Rb2+ 67.Kxf3 Rb3+ 68.Ke2 Rb2+ 69.Kd3 Rb3+ 70.Kc4 Rf3
71.Ra6+ Ke7 72.Bc8 Re3 73.Ra7+ Kd8 74.Bd7 f4 75.Kd4 Re1 76.Ra5  1-0

[Event "Thessaloniki ol (Men)"]
[Site "Thessaloniki"]
[Date "1988.??.??"]
[Round "13"]
[White "Motwani, Paul"]
[Black "Kortschnoj, Viktor"]
[Result "1/2-1/2"]
[WhiteElo "2455"]
[BlackElo "2595"]

1.e4 e6 2.d4 d5 3.Nc3 Nf6 4.e5 Nfd7 5.f4 c5 6.Nf3 Nc6 7.Be3 a6 8.Qd2 b5 9.dxc5 Bxc5
10.Bxc5 Nxc5 11.Bd3 b4 12.Ne2 Qb6 13.Ned4 Nxd4 14.Nxd4 a5 15.Qe3 O-O 16.O-O Ba6
17.f5 exf5 18.Nxf5 Nd7 19.Qxb6 Nxb6 20.Bxa6 Rxa6 21.Ne7+ Kh8 22.Rad1 Nc4
23.Rxd5 h6 24.Rf4 Nxb2 25.Rd6 Rfa8 26.Rxf7 Nc4 27.Rf8+ Rxf8 28.Rxa6 Re8 29.Nc6 Nxe5
30.Nxa5 Ng4 31.g3 Re2 32.Nc6 Rxc2 33.Nxb4 Rd2 34.a4 Nxh2 35.a5 Nf3+ 36.Kf1  1/2-1/2

[Event "Tirnavia-B"]
[Site "Trnava"]
[Date "1988.??.??"]
[Round "10"]
[White "Diaz, Joaquin C"]
[Black "Zurek, Milan"]
[Result "1/2-1/2"]
[WhiteElo "2485"]
[BlackElo "2405"]

1.e4 e6 2.d4 d5 3.Nc3 Nf6 4.e5 Nfd7 5.f4 c5 6.Nf3 Nc6 7.Be3 cxd4 8.Nxd4 Bc5
9.Qd2 Nxd4 10.Bxd4 Bxd4 11.Qxd4 Qb6 12.Qxb6 Nxb6 13.Nb5 Ke7 14.Bd3 g6 15.g3 Bd7
16.Nd4 a6 17.b3 Nc8 18.a4 Na7 19.Kd2 Nc6 20.Nf3 Rac8 21.Rhe1 Rhd8 22.g4 h6
23.c3 d4 24.Nxd4 Nxd4 25.cxd4 Bc6 26.Ke3 Bd5 27.b4 Rc3 28.Rec1 Rb3 29.Rcb1 Rc3
30.Rc1 Rb3 31.Rab1 Ra3 32.a5 h5 33.g5 Ra2 34.Rc2 Ra3 35.Rbb2 h4 36.Kd2 Bc6
37.Rc3 Ra1 38.Ke3 Re1+ 39.Re2 Rd1 40.Rcc2 Kf8 41.Red2 Re1+ 42.Be2 Rb1 43.Rb2 Ra1
44.Rd1 Ra3+ 45.Rd3 Ra1 46.Bf3 Bxf3 47.Kxf3 Rf1+ 48.Kg4 Rg1+ 49.Kxh4 Kg7 50.Rg3 Rf1
51.Kg4 Rxd4 52.Rf3 Rg1+ 53.Rg3 Re1 54.Rbb3 Rxe5 55.Rgd3 Rxd3 56.Rxd3 Re4
57.Rd7 Rxb4 58.Kg3 Rb5 59.Kg4 Rxa5 60.Rxb7 Ra1 61.Ra7 a5 62.h4 a4 63.Kg3 a3
64.Kg2 a2 65.Ra8 Kh7 66.Kh2 Kg7 67.Kg2 f5 68.Ra7+ Kf8 69.Ra8+ Ke7 70.Ra7+ Kd6
71.Ra6+ Kd5 72.h5 gxh5 73.g6 Rb1 74.g7 Rb8 75.Rxa2 Rg8 76.Ra7 Ke4 77.Kg3  1/2-1/2

[Event "URS-ch otbor56"]
[Site "Uzhgorod"]
[Date "1988.??.??"]
[Round "?"]
[White "Gurevich, Vladimir"]
[Black "Piskov, Yury"]
[Result "1/2-1/2"]
[WhiteElo "2400"]
[BlackElo "2415"]

1.e4 e6 2.d4 d5 3.Nc3 Nf6 4.e5 Nfd7 5.f4 c5 6.Nf3 Nc6 7.Be3 cxd4 8.Nxd4 Qb6
9.Qd2 Qxb2 10.Rb1 Qa3 11.Bb5 Nxd4 12.Bxd4 Bb4 13.O-O  1/2-1/2

[Event "Vrnjacka Banja"]
[Site "Vrnjacka Banja"]
[Date "1988.??.??"]
[Round "?"]
[White "Cabrilo, Goran"]
[Black "Nikolic, Zivoslav"]
[Result "1/2-1/2"]
[WhiteElo "2505"]
[BlackElo "2440"]

1.e4 e6 2.d4 d5 3.Nc3 Nf6 4.e5 Nfd7 5.f4 g6 6.Nf3 b6 7.f5 gxf5 8.Ng5 Qe7
9.Nb5 Na6 10.Qh5 h6 11.c3 Bg7 12.Nh3 Kd8 13.b3 Bb7 14.Nf4 Nab8 15.Ba3 Qe8
16.Qh4+ f6 17.Bd6 cxd6 18.Nxd6 Qg8 19.Nxb7+ Kc7 20.Nd6 Nc6 21.Ng6 fxe5 22.Nb5+ Kb7
23.Nd6+ Kc7 24.Nb5+ Kb7  1/2-1/2

[Event "Vrnjacka Banja"]
[Site "Vrnjacka Banja"]
[Date "1988.??.??"]
[Round "?"]
[White "Abramovic, Bosko"]
[Black "Nikolic, Zivoslav"]
[Result "1-0"]
[WhiteElo "2460"]
[BlackElo "2440"]

1.e4 e6 2.d4 d5 3.Nc3 Nf6 4.e5 Ng8 5.Nf3 b6 6.Bd3 Ba6 7.Ne2 Bxd3 8.Qxd3 Qd7
9.O-O Nc6 10.Bd2 Nge7 11.Rac1 O-O-O 12.a4 Kb7 13.a5 a6 14.axb6 cxb6 15.Ra1 Nb8
16.b3 Nec6 17.c4 Bb4 18.cxd5 exd5 19.Nf4 Rc8 20.Rfe1 Bxd2 21.Qxd2 Rhe8 22.Nd3 Nd8
23.b4 Ne6 24.Reb1 Rc7 25.b5 a5 26.Nb2 Rec8 27.Na4 Rc2 28.Nxb6 Qd8 29.Nxc8 Rxd2
30.Nd6+ Kb6 31.Nxd2 Nxd4 32.Rxa5 Qg5 33.Ra8 Qxd2 34.Rxb8+ Kc5 35.Rc8+ Kb6
36.Ra1 Nxb5 37.Rb1 Ka6 38.Nxb5 Qd3 39.Nc7+  1-0

[Event "Vrnjacka Banja"]
[Site "Vrnjacka Banja"]
[Date "1988.??.??"]
[Round "?"]
[White "Diaz, Joaquin C"]
[Black "Nikolic, Zivoslav"]
[Result "1-0"]
[WhiteElo "2485"]
[BlackElo "2440"]

1.e4 e6 2.d4 d5 3.Nc3 Nf6 4.e5 Ng8 5.Nf3 b6 6.Bb5+ c6 7.Ba4 a5 8.a3 Ba6 9.Ne2 Ne7
10.c3 h6 11.h4 Bb5 12.Bc2 c5 13.g3 Qc8 14.O-O Nbc6 15.Re1 a4 16.Nf4 cxd4
17.Nxd4 Nxd4 18.Qxd4 Qc5 19.Qd1 Bd7 20.Nh5 b5 21.Qg4 O-O-O 22.Qf3 g6 23.Nf4 Bc6
24.Qe2 Nf5 25.Bxf5 gxf5 26.Be3 Qc4 27.Qh5 Rd7 28.Bd4 Kb7 29.Qf3 Rg8 30.Qe3 Be7
31.Kh2 Ka8 32.Nd3 Bb7 33.Red1 Rg6 34.Ne1 Rd8 35.Ng2 Rdg8 36.Rg1 Rh8 37.Nf4 Rg4
38.f3 Rg7 39.Nh5 Rg6 40.Rg2 Qc7 41.Rag1 Rhg8 42.Kh3 Qd8 43.Qe1 Bc6 44.Nf4 R6g7
45.g4 fxg4+ 46.Rxg4 Rxg4 47.Rxg4 Kb7 48.Qg3 Rxg4 49.fxg4 Qg8 50.Qd3 Be8 51.Bf2 Bc6
52.Qd4 Qa8 53.Nh5 Bd8 54.Qf4 Be8 55.Ng7 Be7 56.Nxe8 Qxe8 57.Qxh6 d4 58.Bxd4 Qc6
59.Kg3 Qh1 60.Bf2 Kc8 61.Qh7 Kd8 62.Qd3+ Ke8 63.g5 Kf8 64.Qh7  1-0

[Event "Zuerich op"]
[Site "Zuerich"]
[Date "1988.??.??"]
[Round "4"]
[White "Mainka, Romuald"]
[Black "Winterstein, Wolfgang"]
[Result "1-0"]
[WhiteElo "2285"]
[BlackElo "2235"]

1.e4 e6 2.d4 d5 3.Nc3 Nf6 4.e5 Nfd7 5.f4 c5 6.Nf3 Nc6 7.Be3 Qb6 8.Na4 Qa5+
9.c3 cxd4 10.b4 Nxb4 11.cxb4 Bxb4+ 12.Bd2 Bxd2+ 13.Nxd2 b6 14.Rb1 Ba6 15.Bxa6 Qxa6
16.Nf3 Rc8 17.Nxd4 O-O 18.Kf2 Rc4 19.Nb2 Qxa2 20.Re1 Rb4 21.Qd2 Nc5 22.Kg1 a5
23.Nc6 Rb3 24.Qc2 a4 25.Nd4 Rb4 26.Qd2 Na6 27.f5 exf5 28.Nxf5 a3 29.Qg5 g6
30.Ne7+ Kg7 31.Qf6+ Kh6 32.Nf5+ Kh5 33.h4 Rg4 34.Ne3 Rxh4 35.Kf2 g5 36.g4+ Rxg4
37.Rh1+ Rh4 38.Rxh4+ gxh4 39.Qf5+ Kh6 40.Ng4+ Kg7 41.Qf6+  1-0

[Event "Bad Woerishofen op"]
[Site "Bad Woerishofen"]
[Date "1989.??.??"]
[Round "?"]
[White "Maus, Soenke"]
[Black "Kindermann, Stefan"]
[Result "0-1"]
[WhiteElo "2400"]
[BlackElo "2515"]

1.e4 e6 2.d4 d5 3.Nc3 Nf6 4.e5 Nfd7 5.f4 c5 6.Nf3 Nc6 7.Be3 a6 8.Qd2 b5 9.dxc5 Bxc5
10.Bxc5 Nxc5 11.Bd3 b4 12.Nd1 f6 13.O-O O-O 14.Nf2 fxe5 15.fxe5 Bd7 16.Qe3 Qe7
17.a3 bxa3 18.Rxa3 Rab8 19.Ra2 Nb4 20.Ra5 Ncxd3 21.cxd3 Bb5 22.Rc1 Rbc8 23.Rc3 d4
24.Nxd4 Nd5 25.Qc1 Nxc3 26.bxc3 Rxf2  0-1

[Event "Belfort op"]
[Site "Belfort"]
[Date "1989.??.??"]
[Round "1"]
[White "Kraut, Rainer"]
[Black "Pytel, Krzysztof"]
[Result "1/2-1/2"]
[WhiteElo "2395"]
[BlackElo "2390"]

1.e4 e6 2.d4 d5 3.Nc3 Nf6 4.e5 Nfd7 5.f4 c5 6.Nf3 Nc6 7.Be3 a6 8.Qd2 b5 9.dxc5 Bxc5
10.Bxc5 Nxc5 11.Bd3 Qb6 12.Ne2  1/2-1/2

[Event "GMA-qual"]
[Site "Belgorod"]
[Date "1989.??.??"]
[Round "?"]
[White "Meister, Yakov"]
[Black "Glek, Igor V"]
[Result "1/2-1/2"]
[WhiteElo "2400"]
[BlackElo "2480"]

1.e4 e6 2.d4 d5 3.Nc3 Nf6 4.e5 Nfd7 5.f4 c5 6.Nf3 Nc6 7.Be3 a6 8.Qd2 b5 9.Be2 Qb6
10.O-O cxd4 11.Nxd4 Bc5 12.Rad1 Bb7 13.Bf2 Nxd4 14.Bxd4 Rc8 15.Bf2 Bxf2+
16.Rxf2 O-O 17.a3 Qc5 18.Qd4 Nb6 19.Qxc5 Rxc5 20.Rd4 f6 21.Bg4 Bc8 22.exf6 gxf6
23.Rd3 Kh8 24.Re2 f5 25.Bf3 Nc4 26.Nd1 Bd7 27.c3 a5 28.Nf2 Nd6 29.Rd4 Rc4
30.Nd3 Rfc8 31.Kf2 R4c7 32.Ne5 Be8 33.g4 Kg7 34.gxf5 Nxf5 35.Rd1 b4 36.cxb4 axb4
37.axb4 Bb5 38.Red2 Rb8 39.Bg4 Ba4 40.Rg1 Kf6 41.Bxf5 Kxf5 42.Nd3 Kf6 43.Re1 Rc2
44.Rxc2 Bxc2 45.Nc5 Rxb4 46.Rxe6+ Kf7 47.Re2 Rxf4+ 48.Ke3 Rc4 49.Nd3 Ke6
50.Kd2+ Kd6 51.Rf2 Bxd3 52.Kxd3 Rh4 53.Rg2 Kc5 54.Re2 Kb4 55.Ke3 Kb3 56.Rd2 Re4+
57.Kd3 h5 58.Rf2 Rh4 59.Rf5 Rh3+ 60.Kd4 Rxh2 61.Kxd5 h4 62.Ke4 Rh1 63.Rf2  1/2-1/2

[Event "Noviki-C"]
[Site "Budapest"]
[Date "1989.??.??"]
[Round "?"]
[White "Szalanczy, Emil"]
[Black "Haag, Ervin"]
[Result "1/2-1/2"]
[WhiteElo "2400"]
[BlackElo "2380"]

1.e4 e6 2.d4 d5 3.Nc3 Nf6 4.e5 Nfd7 5.f4 c5 6.Nf3 Nc6 7.Be3 a6 8.Qd2 b5 9.g3 b4
10.Ne2 c4 11.Qc1 Rb8 12.b3 Nb6 13.Bh3 Qc7 14.O-O Na7 15.Qe1 Nb5 16.Rc1 h5
17.Ng5 g6 18.g4 hxg4 19.Bxg4 Rb7 20.Rf3 Be7 21.Rh3 Rxh3 22.Bxh3 Bxg5 23.fxg5 Qe7
24.Bg4 Kd8 25.h4 Bd7 26.Qd2 Kc8 27.Rf1 Rc7 28.Rf6 Na3 29.h5 gxh5 30.Bxh5 Be8
31.Kf2 Kb7 32.Kg3 a5 33.Bg4 Nd7 34.Rh6 Nf8 35.Nf4 cxb3 36.cxb3 Rc2 37.Qe1 Rc3
38.Qe2 Bb5 39.Qf3 Nc2 40.Nxd5 exd5 41.Qxd5+ Bc6 42.Rxc6 Rxc6 43.Bf3 Qd7 44.Qb5+ Kc7
45.Qxa5+ Kb8 46.Bf2 Rc3 47.Qa8+ Kc7 48.Qxf8 Qf5 49.Qe7+ Kc8  1/2-1/2

[Event "Cannes op"]
[Site "Cannes"]
[Date "1989.??.??"]
[Round "?"]
[White "Polaczek, Richard"]
[Black "Vareille, Francois"]
[Result "1-0"]
[WhiteElo "2375"]
[BlackElo "2285"]

1.e4 e6 2.d4 d5 3.Nc3 Nf6 4.e5 Ng8 5.Nce2 h5 6.g3 b6 7.Nf3 Be7 8.h4 Ba6 9.Bg2 Qd7
10.O-O Nh6 11.Bxh6 Rxh6 12.Re1 g6 13.Nf4 Nc6 14.b3 Rd8 15.c4 dxc4 16.d5 Nb4
17.Qc1 exd5 18.a3 Nc6 19.Bh3  1-0

[Event "Chanac op"]
[Site "Chanac"]
[Date "1989.??.??"]
[Round "?"]
[White "Weill, Roland"]
[Black "Pytel, Krzysztof"]
[Result "0-1"]
[WhiteElo "2225"]
[BlackElo "2390"]

1.e4 e6 2.d4 d5 3.Nc3 Nf6 4.e5 Nfd7 5.f4 c5 6.Nf3 Nc6 7.Be3 a6 8.Qd2 b5 9.Nd1 Bb7
10.Bd3 Qb6 11.c3 cxd4 12.Nxd4 Bc5 13.Nb3 Bxe3 14.Qxe3 Qxe3+ 15.Nxe3 g5 16.fxg5 Ncxe5
17.Ke2 Nc4 18.Bxc4 dxc4 19.Nd4 Nc5 20.Rhd1 Ke7 21.h4 Be4 22.b3 cxb3 23.axb3 h6
24.gxh6 Rxh6  0-1

[Event "Capablanca mem"]
[Site "Cienfuegos"]
[Date "1989.??.??"]
[Round "7"]
[White "Andres, Miguel"]
[Black "Moskalenko, Viktor"]
[Result "1-0"]
[WhiteElo "2380"]
[BlackElo "2490"]

1.e4 e6 2.d4 d5 3.Nc3 Nf6 4.e5 Nfd7 5.f4 c5 6.Nf3 Nc6 7.Be3 a6 8.Qd2 b5 9.dxc5 Bxc5
10.Bxc5 Nxc5 11.Bd3 b4 12.Ne2 Qb6 13.Ned4 Nxd4 14.Nxd4 O-O 15.Qe3 Bb7 16.O-O-O Ne4
17.Rhe1 Rac8 18.Kb1 Rfe8 19.g4 a5 20.f5 Kh8 21.f6 Rg8 22.Bxe4 dxe4 23.Nf5 Qxe3
24.Nxe3 gxf6 25.exf6 Rc7 26.Rd6 h6 27.h4 Kh7 28.Re2  1-0

[Event "Dortmund-C"]
[Site "Dortmund"]
[Date "1989.??.??"]
[Round "?"]
[White "Szalanczy, Emil"]
[Black "Dermann, Guido"]
[Result "1-0"]
[WhiteElo "2400"]
[BlackElo "2330"]

1.e4 e6 2.d4 d5 3.Nc3 Nf6 4.e5 Nfd7 5.f4 c5 6.Nf3 Nc6 7.Be3 Qb6 8.a3 cxd4
9.Nxd4 Nxd4 10.Bxd4 Bc5 11.Na4 Qa5+ 12.c3 Be7 13.b4 Qc7 14.Bd3 f5 15.O-O b6
16.g4 O-O 17.gxf5 exf5 18.Ra2 Qc6 19.Rg2 Rf7 20.e6 Qxe6 21.Re1 Qh6 22.Bxf5 Nf8
23.Bxg7 Rxg7 24.Qxd5+ Kh8 25.Rxe7  1-0

[Event "FRA-ch"]
[Site "?"]
[Date "1989.??.??"]
[Round "?"]
[White "Apicella, Manuel"]
[Black "Nemirovski, Serge"]
[Result "1-0"]
[WhiteElo "2395"]
[BlackElo "2365"]

1.e4 e6 2.d4 d5 3.Nc3 Nf6 4.e5 Nfd7 5.f4 c5 6.Nf3 Nc6 7.Be3 cxd4 8.Nxd4 Bc5
9.Qd2 a6 10.Be2 Bxd4 11.Bxd4 Nxd4 12.Qxd4 Qb6 13.Qxb6 Nxb6 14.a4 Bd7 15.a5 Nc8
16.Ra3 Ne7 17.Rb3 O-O-O 18.Kd2 g5 19.fxg5 Nc6 20.Na4 Nxa5 21.Rc3+ Kb8 22.Nc5 Bb5
23.Bxb5 axb5 24.b3 Nc6 25.Re1 h6 26.gxh6 Rxh6 27.h3 Rg8 28.Re2 Kc7 29.Rf2 Rh7
30.Re3 b6 31.Nd3 Kd7 32.g4 Ke7 33.Rf4 Rg5 34.c3 Ke8 35.Ke2 Ke7 36.Kf2 Rg8
37.Kg2 Ra8 38.Re2 Ra3 39.Rb2 Ra1 40.Rff2 Rd1 41.Rfd2 Rxd2+ 42.Rxd2 Rh8 43.Ra2 Rc8
44.h4 Na5 45.b4 Nb3 46.h5 Kf8 47.h6 Kg8 48.Nf4 Rc4 49.Nh5 Kh7 50.Kh3 Rxc3+
51.Kh4 Nd4 52.Kg5 Nf3+ 53.Kf6 Nxe5 54.Kxe5 Kxh6 55.Ra8 Kg5 56.Rg8+ Kh4 57.Nf6 Re3+
58.Kf4  1-0